John F. Kennedy on leadership (Record no. 110478)
[ view plain ]
| 000 -LEADER | |
|---|---|
| fixed length control field | 01999nam a22003614a 4500 |
| 082 04 - DEWEY DECIMAL CLASSIFICATION NUMBER | |
| Classification number | 658.4/092 |
| 100 1# - MAIN ENTRY--AUTHOR NAME | |
| Personal name | Barnes, John A., |
| 245 10 - TITLE STATEMENT | |
| Title | John F. Kennedy on leadership |
| 260 ## - PUBLICATION, DISTRIBUTION, ETC. (IMPRINT) | |
| Place of publication | New York : |
| Name of publisher | AMACOM, |
| Year of publication | c2005. |
| 300 ## - PHYSICAL DESCRIPTION | |
| Number of Pages | x, 228 p. : |
| Other physical details | ill. |
| 505 0# - FORMATTED CONTENTS NOTE | |
| Formatted contents note | Vision : let the word go forth -- Breaking the rules : question the status quo -- Resilience : turn liabilities into pluses -- Charisma : set a style -- Communication : present your ideas effectively -- Speechwriting : master the art of delivering your message -- Commitment to learning : challenge your assumptions -- Team building : find your "Bobby" -- Decision making : the buck stops with you -- Miscalculations and misjudgments : make the best of them -- Crisis management : be the coolest man in the room -- Faults and failings : how JFK nearly destroyed himself. |
| 650 #0 - SUBJECT ADDED ENTRY--TOPICAL TERM | |
| Topical Term | Leadership |
| Topical Term | Communication in management |
| Topical Term | Teams in the workplace |
| Topical Term | Decision making |
| Topical Term | Crisis management |
| 856 40 - ELECTRONIC LOCATION AND ACCESS | |
| Uniform Resource Identifier | http://site.ebrary.com/lib/rucke/Doc?id=10120153 |
No items available.
